| 000 | 01333nas a2200361 a 4500 | ||
|---|---|---|---|
| 001 | vtls000366559 | ||
| 003 | NLI | ||
| 005 | 20210602173713.0 | ||
| 008 | 110113s2005 iluafc e h 001 0beng | ||
| 020 |
_a156663637X _c$ 27.50 |
||
| 039 | 9 |
_a201702071057 _bsyamalkb _y201101132158 _zVLOAD |
|
| 040 |
_aNLI : _beng _cNLMARC21 |
||
| 041 | 0 | _aeng | |
| 044 | _ailu | ||
| 082 | 0 | 4 |
_a811.52 _222 |
| 100 | 1 |
_aParker, Douglas M., _d1935- _9543032 |
|
| 245 | 1 | 0 |
_aOgden Nash : _bthe life and work of America`s laureate of light verse / _cDouglas M. Parker; with a foreword by Dana Gioia |
| 260 |
_aChicago : _bIvan R. Dee, _c2005 |
||
| 300 |
_axiv, 316 p. [8] p. of plates : _bill., ports; _c24 cm. |
||
| 504 | _aIncludes bibliographical references and index | ||
| 600 | 1 | 0 |
_aNash, Ogden, _d1902-1917 _9543033 |
| 650 | 0 |
_aPoets, American _y20th century _xBiography _9114838 |
|
| 650 | 0 |
_aHumorous poetry, American _xHistory and criticism _9543034 |
|
| 887 | _aSwapan Kumar Pailan mrinal | ||
| 901 |
_a553753 : _b08.08.2006 |
||
| 902 | _aE 811.52 P 224 | ||
| 904 | _aSwapan Kumar Pailan | ||
| 905 | _amrinal | ||
| 942 |
_2ddc _cBKS |
||
| 949 |
_AVIRTUAITEM _D10012 _X100 _6553753 |
||
| 999 |
_aVIRTUA40 _c323504 _d323504 |
||
| 999 | _aVTLSSORT0080*0200*0400*0410*0440*0820*1000*2450*2600*3000*5040*6000*6500*6501*8520*9010*9020*9040*9050*9490*9992 | ||